Colossiens 3: 1-10 - Statistiques

Statistiques générales
  • Ce quiz a été pris 62 fois
    31 depuis la dernière actualisation
  • Le résultat moyen est 74 sur 188
Statistiques - réponses
Versets : % Correct
avec
100%
Christ,
100%
donc
100%
êtes
100%
ressuscités
100%
Si
100%
vous
100%
à
60%
à
60%
alors
60%
apparaîtra,
60%
apparaîtrez
60%
assis
60%
Attachez-vous
60%
aussi
60%
aux
60%
avec
60%
avec
60%
avez
60%
cachée
60%
ce
60%
celles
60%
choses
60%
Christ
60%
Christ
60%
Christ,
60%
connu
60%
dans
60%
de
60%
d'en
60%
d'en
60%
Dieu.
60%
Dieu.
60%
donc
60%
droite
60%
effet,
60%
En
60%
en
60%
en
60%
est
60%
est
60%
est
60%
et
60%
et
60%
Faites
60%
gloire.
60%
haut,
60%
haut,
60%
la
60%
la
60%
la
60%
la
60%
les
60%
lui
60%
mort
60%
mourir
60%
non
60%
notre
60%
60%
Quand
60%
qui
60%
qui
60%
réalités
60%
recherchez
60%
sont
60%
sur
60%
terre.
60%
terrestre :
60%
vie
60%
vie,
60%
votre
60%
vous
60%
vous
60%
vous
60%
à
40%
cause
40%
cela
40%
C'est
40%
colère
40%
de
40%
de
40%
de
40%
Dieu
40%
est
40%
et
40%
hommes
40%
idolâtrie.
40%
la
40%
la
40%
les
40%
l'immoralité
40%
l'impureté,
40%
posséder,
40%
que
40%
qui
40%
rebelles.
40%
sexuelle,
40%
soif
40%
sur
40%
une
40%
vient
40%
à
20%
à
20%
à
20%
à
20%
à
20%
à
20%
aussi
20%
autrefois,
20%
autres,
20%
aux
20%
aux
20%
avez
20%
bouche.
20%
calomnie,
20%
car
20%
cela,
20%
celui
20%
ces
20%
colère,
20%
conformément
20%
connaissance,
20%
créé.
20%
d'agir,
20%
dans
20%
de
20%
de
20%
de
20%
dépouillés
20%
désirs
20%
du
20%
et
20%
êtes
20%
eux,
20%
fureur,
20%
grossièretés
20%
homme
20%
la
20%
la
20%
la
20%
la
20%
l'a
20%
les
20%
les
20%
les
20%
l'homme
20%
l'image
20%
lorsque
20%
maintenant,
20%
Mais
20%
manières
20%
marchiez
20%
mauvais
20%
mentez
20%
Ne
20%
nouveau
20%
parmi
20%
pas
20%
passions,
20%
péchés.
20%
pourraient
20%
qui
20%
qui
20%
qui
20%
renoncez
20%
renouvelle
20%
revêtu
20%
se
20%
ses
20%
sortir
20%
tout
20%
uns
20%
vieil
20%
viviez
20%
votre
20%
Vous
20%
vous
20%
vous
20%
vous
20%
vous
20%
vous
20%
vous
20%
à
0%
la
0%
méchanceté,
0%
parvenir
0%
pour
0%
vraie
0%
Aucun quiz correspondant
Distribution des résultats
% des personnes avec chaque résultat
Percentile par nombre de réponses
Votre historique - résultats
Vous n’avez pas pris ce quiz depuis la dernière actualisation